| 000 | 01096cab a22001935a 4500 | ||
|---|---|---|---|
| 001 | L156421 | ||
| 008 | 120518e2012 xxk 000 0 eng d | ||
| 035 | _a(Sirsi) u156421 | ||
| 041 | 0 | _aeng | |
| 100 | 1 | _aHatcher, David | |
| 245 | 0 | 0 |
_aMarkets _bGreater Manchester |
| 260 | _c2012 | ||
| 490 | 0 |
_aProperty Week _v78(19) 11 May 2012, 35-44(6) |
|
| 520 | _aFive occupiers including BUPA, Jacobs Engineering and law firm Panone are seeking 400 000 sq ft of offices in Manchester prior to lease expiry. Interest in ITV's 13.5 acre historic Quay Street scheme in central Manchester has been lukewarm. Aviva Investors aims to revitalise the Manchester Corn Exchange into a boutique, high-end fashion centre. Manchester Arena may be sold ahead of next year's loan maturity. Debenhams is in discussions to anchor Genr8 and Kajima's Rochdale shopping centre. Allied London is to speculatively develop its 160 000 sq ft Hardman Boulevard office scheme at Spinningfields under a new brand name. | ||
| 590 | _aKA | ||
| 651 | 4 | _aGreater Manchester | |
| 690 |
_aCommercial property _96227 |
||
| 942 | _n0 | ||
| 999 |
_c84006 _d84006 |
||